General Knowledge Quiz #225 - Statistics

General Stats
  • This quiz has been taken 42,072 times
  • The average score is 11 of 20
Answer Stats
Question Answer % Correct
What was the largest country in Africa until it lost its southern part in 2011? Sudan
87%
Name one of the two countries which is led by a "chancellor". Austria / Germany
81%
Which Greek letter is shaped like a horseshoe? Omega
81%
What brand of sneakers, released in 1985, have sold for as much as $20,000 for a first edition? Air Jordan
72%
According to legend, what fountain was Ponce de Leon looking for while exploring Florida? Fountain of Youth
71%
What is the term for a self-contradictory phrase such as "jumbo shrimp" or "light heavyweight"? Oxymoron
58%
What's the most populous city from which you can see Mt. Vesuvius? Naples
57%
Who, according to tradition, flew on the back of a winged animal from Mecca to Jerusalem in a single night? Muhammad
55%
What is the term for when two companies control nearly an entire market (for example: Coke and Pepsi)? Duopoly
50%
What H word refers to a large group of Mongol soldiers? Horde
48%
Which two countries were joined by the 1707 Acts of Union? England
47%
Which Alfred Hitchcock movie takes its name from a disorder often related to the inner ear? Vertigo
47%
What is the second most-valuable cryptocurrency after Bitcoin? Ethereum
46%
What did Rocky Marciano never do – unlike every other retired heavyweight champ in boxing history? Lose a fight
46%
Which two countries were joined by the 1707 Acts of Union? Scotland
46%
Complete the beginning of the Shakespeare sonnet: "Shall I compare thee to a _____ ___". Summer's day
43%
Which book of the Bible has a name which is "mathematical"? Numbers
41%
What component of blood exists to cause clotting when a wound occurs? Platelets
39%
What grassland stretches 8000 kilometers from eastern Europe to Manchuria? Eurasian Steppe
35%
What does the M stand for in MI6? Military intelligence
27%
No matching quizzes found
Score Distribution
Percent of People with Each Score
Percentile by Number Answered
Your Score History
You have not taken this quiz